000 00776nam a2200229Ia 4500
003 GCL
008 140319s9999 xx 000 0 ara d
040 _aGCL /
_cGCL
082 0 4 _a252
_bم ر
100 1 _aابن رشد : ابوالوليد محمد بن احمد بن محمد الاندلسى القرطبى
245 1 0 _aمقدمات ابن رشد /
_cابن رشد : ابوالوليد محمد بن احمد بن محمد الاندلسى القرطبى
260 _a[S.N] :
_bدار صادر
300 _a675 ص
490 _a
650 0 4 _aالاسلام
650 0 4 _aالعقائد
650 0 4 _aالفقه الاسلامى
650 0 4 _aالعبادات
650 0 4 _aالديانات
650 0 4 _aالاسلام والسياسة
942 _2ddc
_cBK
999 _c32552
_d32552